<?xml version="1.0" encoding="UTF-8"?>
<record
    xmlns:xsi="http://www.w3.org/2001/XMLSchema-instance"
    xsi:schemaLocation="http://www.loc.gov/MARC21/slim http://www.loc.gov/standards/marcxml/schema/MARC21slim.xsd"
    xmlns="http://www.loc.gov/MARC21/slim">

  <leader>01116nam a22002417a 4500</leader>
  <controlfield tag="003">NALT</controlfield>
  <controlfield tag="005">20240818162330.0</controlfield>
  <controlfield tag="008">240818b        th ||||| |||| 00| 0 tha d</controlfield>
  <datafield tag="020" ind1=" " ind2=" ">
    <subfield code="a">9786167053035</subfield>
  </datafield>
  <datafield tag="040" ind1=" " ind2=" ">
    <subfield code="a">NALT</subfield>
  </datafield>
  <datafield tag="050" ind1=" " ind2=" ">
    <subfield code="a">BQ 4263</subfield>
    <subfield code="b">&#xE1E;349&#xE1E; 2552</subfield>
  </datafield>
  <datafield tag="100" ind1="0" ind2=" ">
    <subfield code="a">&#xE1E;&#xE23;&#xE30;&#xE1E;&#xE23;&#xE2B;&#xE21;&#xE04;&#xE38;&#xE13;&#xE32;&#xE20;&#xE23;&#xE13;&#xE4C; (&#xE1B;.&#xE2D;. &#xE1B;&#xE22;&#xE38;&#xE15;&#xE3A;&#xE42;&#xE15;)</subfield>
    <subfield code="9">16019</subfield>
  </datafield>
  <datafield tag="245" ind1="1" ind2="0">
    <subfield code="a">&#xE1E;&#xE23;&#xE30;&#xE44;&#xE17;&#xE22; &#xE43;&#xE0A;&#xE48;&#xE40;&#xE02;&#xE32;&#xE43;&#xE0A;&#xE48;&#xE40;&#xE23;&#xE32;? :</subfield>
    <subfield code="b">&#xE19;&#xE34;&#xE1E;&#xE1E;&#xE32;&#xE19; &#xE2D;&#xE19;&#xE31;&#xE15;&#xE15;&#xE32; &#xE09;&#xE1A;&#xE31;&#xE1A;&#xE40;&#xE1E;&#xE35;&#xE22;&#xE07;&#xE40;&#xE1E;&#xE37;&#xE48;&#xE2D;&#xE44;&#xE21;&#xE48;&#xE1B;&#xE23;&#xE30;&#xE21;&#xE32;&#xE17; /</subfield>
    <subfield code="c">&#xE1E;&#xE23;&#xE30;&#xE1E;&#xE23;&#xE2B;&#xE21;&#xE04;&#xE38;&#xE13;&#xE32;&#xE20;&#xE23;&#xE13;&#xE4C; (&#xE1B;.&#xE2D;.&#xE1B;&#xE22;&#xE38;&#xE15;&#xE3A;&#xE42;&#xE15;).</subfield>
  </datafield>
  <datafield tag="250" ind1=" " ind2=" ">
    <subfield code="a">&#xE1E;&#xE34;&#xE21;&#xE1E;&#xE4C;&#xE04;&#xE23;&#xE31;&#xE49;&#xE07;&#xE17;&#xE35;&#xE48; 1.</subfield>
  </datafield>
  <datafield tag="260" ind1=" " ind2=" ">
    <subfield code="a">&#xE01;&#xE23;&#xE38;&#xE07;&#xE40;&#xE17;&#xE1E;&#xE2F; :</subfield>
    <subfield code="b">&#xE1C;&#xE25;&#xE34;&#xE18;&#xE31;&#xE21;&#xE21;&#xE4C;,</subfield>
    <subfield code="c">2552.</subfield>
  </datafield>
  <datafield tag="300" ind1=" " ind2=" ">
    <subfield code="a">69 &#xE2B;&#xE19;&#xE49;&#xE32; ;</subfield>
    <subfield code="c">21 &#xE0B;&#xE21;.</subfield>
  </datafield>
  <datafield tag="650" ind1=" " ind2="4">
    <subfield code="a">&#xE1E;&#xE38;&#xE17;&#xE18;&#xE28;&#xE32;&#xE2A;&#xE19;&#xE32;</subfield>
    <subfield code="x">&#xE04;&#xE33;&#xE2A;&#xE31;&#xE48;&#xE07;&#xE2A;&#xE2D;&#xE19; </subfield>
    <subfield code="9">23611</subfield>
  </datafield>
  <datafield tag="650" ind1=" " ind2="4">
    <subfield code="a">&#xE19;&#xE34;&#xE1E;&#xE1E;&#xE32;&#xE19; </subfield>
    <subfield code="9">26675</subfield>
  </datafield>
  <datafield tag="650" ind1=" " ind2="4">
    <subfield code="a">&#xE1E;&#xE38;&#xE17;&#xE18;&#xE28;&#xE32;&#xE2A;&#xE19;&#xE32;&#xE01;&#xE31;&#xE1A;&#xE0A;&#xE35;&#xE27;&#xE34;&#xE15;&#xE1B;&#xE23;&#xE30;&#xE08;&#xE33;&#xE27;&#xE31;&#xE19;</subfield>
    <subfield code="9">25072</subfield>
  </datafield>
  <datafield tag="850" ind1=" " ind2=" ">
    <subfield code="a">NALT</subfield>
  </datafield>
  <datafield tag="942" ind1=" " ind2=" ">
    <subfield code="2">lcc</subfield>
    <subfield code="c">GB</subfield>
  </datafield>
  <datafield tag="996" ind1=" " ind2=" ">
    <subfield code="a">kornsiririn.r</subfield>
    <subfield code="b">CATSTF	</subfield>
    <subfield code="c">2024-08-18</subfield>
  </datafield>
  <datafield tag="999" ind1=" " ind2=" ">
    <subfield code="c">105644</subfield>
    <subfield code="d">105644</subfield>
  </datafield>
  <datafield tag="998" ind1=" " ind2=" ">
    <subfield code="h">7560</subfield>
    <subfield code="j">7560</subfield>
    <subfield code="k"> &#xE01;&#xE23;&#xE28;&#xE34;&#xE23;&#xE34;&#xE23;&#xE34;&#xE19;&#xE17;&#xE23;&#xE4C;  &#xE23;&#xE31;&#xE15;&#xE19;&#xE2A;&#xE38;&#xE20;&#xE32;</subfield>
  </datafield>
  <datafield tag="952" ind1=" " ind2=" ">
    <subfield code="0">0</subfield>
    <subfield code="1">0</subfield>
    <subfield code="2">lcc</subfield>
    <subfield code="4">0</subfield>
    <subfield code="7">0</subfield>
    <subfield code="8">CSEN</subfield>
    <subfield code="a">NALT</subfield>
    <subfield code="b">NALT</subfield>
    <subfield code="c">GEN</subfield>
    <subfield code="d">2024-08-18</subfield>
    <subfield code="l">0</subfield>
    <subfield code="o">BQ 4263 &#xE1E;349&#xE1E; 2552</subfield>
    <subfield code="p">0100009680001</subfield>
    <subfield code="r">2024-08-18 00:00:00</subfield>
    <subfield code="w">2024-08-18</subfield>
    <subfield code="y">GB</subfield>
  </datafield>
</record>
